Histoire par lettre - B - Statistiques

Statistiques générales
  • Ce quiz a été pris 164 fois
  • Le résultat moyen est 8 sur 15
Statistiques - réponses
Questions Réponses % Correct
Quel sénateur romain, proche de César, a tué ce dernier lors d'une conjuration ? Brutus
78%
Quelle ancienne ville s'est renommée Constantinople en 1453 ? Byzance
78%
Quelle dynastie royale française a régné de 1589 jusqu'à la Révolution Française ? Bourbons
75%
Quel navigateur danois a découvert le détroit portant son nom, entre la Russie et l'Alaska ? Vitus Béring
74%
Quel pays était anciennement appelé Pakistan Oriental ? Bangladesh
71%
Quel général français a été battu à Waterloo en 1815 ? Napoléon Bonaparte
71%
Quel homme d'Etat brésilien a été remplacé par Lula en 2023 ? Jair Bolsonaro
63%
Quel pays a été découvert par Pedro Cabral en 1500 ? Brésil
61%
Quel pays était anciennement appelé Haute-Volta ? Burkina Faso
59%
Quel général du début du XIXème siècle est surnommé El Libertador, de par sa volonté d'indépendance des pays sud-américains ? Simon Bolivar
56%
Quel homme militaire allemand est devenu le premier chancelier d'Allemagne en 1871 ? Otto Von Bismarck
54%
Quel homme d'Etat cubain était au pouvoir avant la révolution communiste menée par Fidel Castro ? Fulgencio Batista
26%
Quelle bataille s'étant déroulée en 1214 s'est soldée par la victoire de Philippe Auguste face à Jean sans Terre ? Bouvines
25%
Quel architecte français est à l'origine de la construction de la Statue de la Liberté ? Auguste Bartholdi
24%
Quel militaire français est devenu Roi de Suède en 1818, succédant à Charles XIII ? Jean-Baptiste Bernadotte
20%
Aucun quiz correspondant
Distribution des résultats
% des personnes avec chaque résultat
Percentile par nombre de réponses
Votre historique - résultats
Vous n’avez pas pris ce quiz